Nachträge zur Konkurrenz der Aktionen und Personen

Guardat en:
Dades bibliogràfiques
Autor principal: Levy, Ernst (autor)
Format: Llibre
Idioma:alemany
Publicat: Weimar, Alemania Hermann Böhlaus 1962
Col·lecció:Forschungen zum Römischen Recht, 16
Matèries:
Etiquetes: Afegir etiqueta
Sense etiquetes, Sigues el primer a etiquetar aquest registre!

MARC

LEADER 00000nam a2200000 a 4500
001 UCR1681
003 CL-VaPUC
005 20250108104735.0
008 971219e19620000GW |||||||||||||||||ger|d
999 |c 265048  |d 265046 
040 |c Pontificia Universidad Católica de Valparaíso 
082 0 4 |a 340.54 LEV 1962  |2 21 
100 |a Levy, Ernst  |e autor  |9 401241 
245 1 0 |a Nachträge zur Konkurrenz der Aktionen und Personen 
260 0 3 |a Weimar, Alemania  |b Hermann Böhlaus  |c 1962 
300 |a 3 volúmenes 
490 0 |a Forschungen zum Römischen Recht,   |v 16 
583 |a last modification  |c 19971219 00:00:00  |k Rodrigo Vera 
650 0 |a Derecho romano  |9 255930 
650 0 |a Actos jurídicos  |9 255748 
650 0 |a Derecho civil  |9 255013  |x Acción civil 
650 0 |a Derecho hereditario  |2 CL-VaPUC  |9 446852 
650 0 |a Derecho de familia  |9 255603 
942 |c BK  |2 ddc 
945 |d 19971219 00:00:00  |a aolguin 
952 |0 0  |1 0  |4 0  |6 340_540000000000000_LEV_1962  |7 0  |8 DER_ROM  |9 295832  |a BIBDER  |b BIBDER  |d 2019-11-20  |h v.1  |i 1919253  |o 340.54 LEV 1962  |p 1919253  |r 2023-01-25  |t 1  |w 2019-11-20  |x Ubicación 4to piso  |y BK  |z Este recurso debe solicitarse con anticipación  |k DER 
952 |0 0  |1 0  |4 0  |6 340_540000000000000_LEV_1962  |7 0  |8 DER_ROM  |9 295833  |a BIBDER  |b BIBDER  |d 2019-11-20  |h v.2  |i 1919202  |o 340.54 LEV 1962  |p 1919202  |r 2023-01-25  |t 1  |w 2019-11-20  |x Ubicación 4to piso  |y BK  |z Este recurso debe solicitarse con anticipación  |k DER 
952 |0 0  |1 0  |4 0  |6 340_540000000000000_LEV_1962  |7 0  |8 DER_ROM  |9 295834  |a BIBDER  |b BIBDER  |d 2019-11-20  |h v.3  |i 191930K  |o 340.54 LEV 1962  |p 191930K  |r 2023-01-25  |t 1  |w 2019-11-20  |x Ubicación 4to piso  |y BK  |z Este recurso debe solicitarse con anticipación  |k DER